Gold Glove Winning Shortstops - Statistics

General Stats
  • This quiz has been taken 101 times
  • The average score is 16 of 51
Answer Stats
Answer % Correct
Derek Jeter
88%
Cal Ripken Jr.
84%
Ozzie Smith
84%
Alex Rodriguez
75%
Carlos Correa
56%
Jimmy Rollins
56%
Omar Vizquel
56%
Troy Tulowitzki
53%
Francisco Lindor
50%
Brandon Crawford
44%
Dave Concepcion
44%
J.P. Crawford
44%
Larry Bowa
44%
Luis Aparicio
44%
Ozzie Guillen
44%
Tony Fernandez
44%
Alan Trammell
41%
Robin Yount
41%
Barry Larkin
38%
Javier Baez
34%
Mark Belanger
34%
Edgar Renteria
31%
Jay Bell
31%
Michael Young
31%
Ernie Banks
28%
Alfredo Griffin
25%
Dansby Swanson
25%
J.J. Hardy
25%
Andrelton Simmons
22%
Bud Harrelson
22%
Maury Wills
22%
Don Kessinger
19%
Rick Burleson
19%
Roy McMillan
19%
Zoilo Versalles
19%
Cesar Izturis
16%
Ed Brinkman
16%
Jeremy Pena
16%
Jim Fregosi
16%
Roger Metzger
16%
Alcides Escobar
13%
Erick Aybar
13%
Orlando Cabrera
13%
Bobby Wine
9%
Gene Alley
9%
Leo Cardenas
9%
Nick Ahmed
9%
Ruben Amaro
9%
Dal Maxvilli
6%
Neifi Perez
6%
Rey Ordonez
6%
No matching quizzes found
Score Distribution
Percent of People with Each Score
Percentile by Number Answered
Your Score History
You have not taken this quiz